000
00335nam a2200145Ia 4500
008
150301s2015 xx 000 0 und d
082
_a
615.7
_b
P14A
100
_a
AGARWAL, GAURAV
245
_a
PHARMACEUTICAL TECHNOLOGY -|
250
_a
1ST
260
_b
CBS- DELHI
300
_a
573
650
_a
PHARMACEUTICS
942
_2
ddc
_c
BK
_0
2
999
_c
7252
_d
7252